大阪市の駅(1969年) - Statistics

General Stats
  • This quiz has been taken 17 times
  • The average score is 82 of 235
Answer Stats
所在区 駅名・停留場名 % Correct
天王寺区 天王寺
100%
北区 大阪
93%
西淀川区
93%
福島区 福島
93%
北区 梅田
87%
天王寺区 鶴橋
87%
北区 天満
87%
南区 難波
87%
此花区 西九条
87%
城東区 京橋
80%
浪速区 新今宮
80%
東淀川区 新大阪
80%
福島区 野田
80%
東区 本町
80%
浪速区 芦原橋
73%
東淀川区 淡路
73%
浪速区 今宮
73%
西区 九条
73%
南区 心斎橋
73%
大正区 大正
73%
東区 谷町四丁目
73%
南区 谷町六丁目
73%
大淀区 天神橋
73%
大淀区 天神橋筋六丁目
73%
東区 天満橋
73%
天王寺区 桃谷
73%
東区 森ノ宮
73%
住吉区 我孫子
67%
天王寺区 上本町
67%
港区 大阪港
67%
東区 堺筋本町
67%
都島区 桜ノ宮
67%
東淀川区 十三
67%
住吉区 住之江公園
67%
住吉区 住吉
67%
浪速区 大国町
67%
天王寺区 谷町九丁目
67%
天王寺区 玉造
67%
西成区 天下茶屋
67%
西成区 動物園前
67%
大淀区 中津
67%
北区 西梅田
67%
南区 日本橋
67%
北区 東梅田
67%
西区 肥後橋
67%
港区 弁天町
67%
東淀川区 三国
67%
東区 淀屋橋
67%
阿倍野区 阿倍野
60%
西区 阿波座
60%
生野区 今里
60%
浪速区 恵美須町
60%
西成区 岸里
60%
住吉区 北加賀屋
60%
東区 北浜
60%
東淀川区 柴島
60%
此花区 桜島
60%
旭区 千林
60%
西成区 玉出
60%
東淀川区 塚本
60%
天王寺区 寺田町
60%
西成区 西天下茶屋
60%
東淀川区 西中島南方
60%
城東区 野江
60%
東淀川区 東淀川
60%
北区 南森町
60%
西区 四ツ橋
60%
港区 朝潮橋
53%
此花区 安治川口
53%
浪速区 芦原町
53%
浪速区 今宮戎
53%
北区 扇町
53%
東淀川区 上新庄
53%
天王寺区 四天王寺前
53%
東淀川区 下新庄
53%
住吉区 住ノ江
53%
城東区 関目
53%
住吉区 長居
53%
北区 中崎町
53%
南区 長堀橋
53%
城東区 放出
53%
浪速区 湊町
53%
東淀川区 南方
53%
福島区 淀川
53%
東淀川区 相川
47%
住吉区 我孫子町
47%
住吉区 我孫子前
47%
都島区 片町
47%
東淀川区 神崎川
47%
浪速区 桜川
47%
浪速区 汐見橋
47%
城東区 鴫野
47%
住吉区 住吉公園
47%
東淀川区 崇禅寺
47%
此花区 伝法
47%
阿倍野区 西田辺
47%
西成区 萩ノ茶屋
47%
阿倍野区 東天下茶屋
47%
西淀川区 姫島
47%
東住吉区 平野
47%
住吉区 我孫子道
40%
阿倍野区 大阪阿部野橋
40%
住吉区 粉浜
40%
阿倍野区 昭和町
40%
住吉区 杉本町
40%
住吉区 住吉東
40%
東住吉区 田辺
40%
此花区 千鳥橋
40%
西淀川区 千船
40%
西淀川区 出来島
40%
住吉区 帝塚山
40%
阿倍野区 天王寺駅前
40%
西成区 花園町
40%
旭区 森小路
40%
東住吉区 加美
33%
東住吉区 北田辺
33%
西成区 木津川
33%
住吉区 沢ノ町
33%
東成区 新深江
33%
西成区 津守
33%
東住吉区 鶴ヶ丘
33%
東住吉区 針中野
33%
阿倍野区 美章園
33%
東成区 深江橋
33%
東成区 緑橋
33%
東住吉区 南田辺
33%
西成区 今池
27%
東住吉区 今川
27%
福島区 海老江
27%
大淀区 大淀
27%
西成区 岸ノ里
27%
西成区 北天下茶屋
27%
阿倍野区 河堀口
27%
住吉区 帝塚山三丁目
27%
住吉区 帝塚山四丁目
27%
福島区 御幣島
27%
東住吉区 矢田
27%
西成区 今池町
20%
天王寺区 上本町六丁目
20%
阿倍野区 北畠
20%
西区 信濃橋
20%
住吉区 住吉鳥居前
20%
西成区 天神ノ森
20%
東住吉区 中野
20%
住吉区 東粉浜
20%
阿倍野区 姫松
20%
阿倍野区 文ノ里
20%
西成区 松田町
20%
阿倍野区 松虫
20%
西成区 南霞町
20%
住吉区 安立町
13%
生野区 大池橋
13%
住吉区 神ノ木
13%
西成区 聖天坂
13%
城東区 城東区役所前
13%
南区 千日前
13%
大正区 大正橋
13%
西成区 塚西
13%
西成区 飛田
13%
住吉区 細井川
13%
旭区 赤川町一丁目
7%
旭区 赤川町三丁目
7%
生野区 猪飼野橋
7%
旭区 生江町
7%
旭区 今市町
7%
旭区 大宮小学校前
7%
旭区 大宮町
7%
大淀区 北野
7%
東住吉区 杭全町
7%
東住吉区 駒川町
7%
浪速区 幸町一丁目
7%
浪速区 幸町四丁目
7%
城東区 鴫野駅前
7%
旭区 城北公園前
7%
城東区 関目町一丁目
7%
都島区 高倉町一丁目
7%
都島区 高倉町三丁目
7%
都島区 高倉町二丁目
7%
南区 難波元町
7%
東住吉区 西平野
7%
南区 日本橋筋一丁目
7%
西成区 東玉出
7%
浪速区 湊町駅前
7%
都島区 都島車庫前
7%
都島区 都島本通
7%
阿倍野区 股ヶ池
7%
旭区 森小路町
7%
旭区 森小路町一丁目
7%
旭区 森小路町九丁目
7%
旭区 森小路町五丁目
7%
旭区 森小路町三丁目
7%
旭区 森小路町八丁目
7%
生野区 猪飼野東九丁目
0%
生野区 猪飼野東二丁目
0%
生野区 猪飼野東四丁目
0%
生野区 猪飼野東六丁目
0%
東成区 今里車庫前
0%
東住吉区 今林町
0%
大正区 岩崎橋
0%
北区 浮田町
0%
福島区 歌島橋
0%
南区 戎橋
0%
東成区 大今里本町三丁目
0%
天王寺区 小橋西の町
0%
東成区 片江口
0%
福島区 上海老江
0%
城東区 蒲生町四丁目
0%
西区 境川町
0%
浪速区 桜川二丁目
0%
西区 潮干橋
0%
城東区 新喜多大橋
0%
城東区 鴫野東六丁目
0%
南区 下寺町
0%
天王寺区 下味原町
0%
城東区 白山町
0%
城東区 関目京阪前
0%
東成区 大成通一丁目
0%
生野区 田島町
0%
生野区 田島町二丁目
0%
生野区 田島町四丁目
0%
西区 辰巳橋
0%
西区 玉船橋
0%
福島区
0%
福島区 中海老江
0%
阿倍野区 中道
0%
大淀区 長柄国分寺
0%
阿倍野区 苗代田
0%
東成区 西今里町三丁目
0%
東成区 西今里町四丁目
0%
大淀区 西大淀
0%
福島区 野里
0%
北区 阪急東口
0%
大淀区 東大淀
0%
大淀区 本庄中通
0%
大淀区 南浜
0%
No matching quizzes found
Score Distribution
Percent of People with Each Score
Percentile by Number Answered
Your Score History
You have not taken this quiz